000 02110nam0a2200373 4500
001 RU\NLR\bibl\812860
005 20260405092912.0
021 _aRU
_b2005-10016
_9519
035 _aRSL-KNO-002575234
035 _a(NLR Aleph) 000801913
090 _a1186644
_c1186644
100 _a20050228d2004 |||y0rusy50 ca
101 0 _arus
102 _aRU
105 _ay |||||||||
106 _ar
200 1 _aИнформационный бизнес
_eконспект лекций
_fТ. А. Соловьева
_gМ-во образования и науки Рос. Федерации, Чуваш. гос. ун-т им. И. Н. Ульянова
210 _aЧебоксары
_cЧуваш. гос. ун-т
_d2004
215 _a63 с.
_cтабл.
_d21
320 _aБиблиогр.: с. 61-62 (15 назв.)
606 1 _aПредпринимательство
_jРуководства, пособия и т.п. для высшей школы
_xИнформационные технологии
_92140704
_3RU\NLR\auth\661290282
606 1 _aПредпринимательство
_jУчебные издания для высших учебных заведений
_xИнформационные технологии
_92140704
_3RU\NLR\auth\661290282
610 0 _aКультура. Наука. Просвещение -- Информатика. Научно-информационная деятельность -- Научно-информационная деятельность -- Российская Федерация -- Экономика научно-информационной деятельности -- Лекции для высшей школы
686 _aЧ234(2)к94я73-2
_2rubbk
686 _aУ9(2)-13в612я73
700 1 _4070
_8rus
_7ca
_aСоловьева
_bТ. А.
_cэкономист
_gТатьяна Александровна
_3RU\NLR\auth\7733926
_916933
801 0 _aRU
_bRuMoRKP
_c20050228
_grcr
801 1 _aRU
_bRuMoRGB
_c20050228
801 2 _aRU
_bNLR
_c20050624
_gPSBO
830 _aавт. по кн.
942 _cBOOK
980 _aNB
980 _aNBR